| 000 | 00564pab a2200181 454500 | ||
|---|---|---|---|
| 008 | 180718b2015 xxu||||| |||| 00| 0 eng d | ||
| 100 | _aChiocchio, Francois | ||
| 245 | _aMulti-level efficacy evidence of a combined interprofessional collaboration and project management training program for healthcare project teams | ||
| 260 | _c2015 | ||
| 300 | _ap.20-34. | ||
| 362 | _aAug-Sep | ||
| 650 | _aTraining | ||
| 650 | _aProject management | ||
| 700 | _aLebel, Paule | ||
| 700 | _aRabbat, Francois | ||
| 773 | _aProject Management Journal | ||
| 909 | _a112295 | ||
| 999 |
_c112290 _d112290 |
||